V Congrés d'Història de Barcelona : centenari de les agregacions municipals : 1897 - 1997 centenari de les agregacions municipals :
Publicado:
Barcelona :
Ajuntament de Barcelona. Institut de Cultura : Diputació de Barcelona. Oficina de Patrimoni Cultural ,
1997
Descripción Física:
[33] f. en 1 carpeta ; 30 cm
Materias:
Barcelona -- Història -- Congressos
MARC
| LEADER | 00000nam a2200000Ia 4500 | ||
|---|---|---|---|
| 001 | 18702 | ||
| 008 | 160829s1997 xx 000 0 cat d | ||
| 080 | |a FU-40-2 | ||
| 111 | 2 | |a Congrés d'Història de Barcelona |n (5è : |d 1997 : |c Barcelona, Catalunya) |9 55739 | |
| 245 | |a V Congrés d'Història de Barcelona : |b centenari de les agregacions municipals : |b 1897 - 1997 | ||
| 260 | |a Barcelona : |b Ajuntament de Barcelona. Institut de Cultura : |b Diputació de Barcelona. Oficina de Patrimoni Cultural, |c 1997 | ||
| 300 | |a [33] f. en 1 carpeta ; |c 30 cm | ||
| 650 | |a Barcelona |x Història |x Congressos |9 34931 | ||
| 710 | 1 | |a Barcelona (Catalunya : Província). |b Oficina de Patrimoni Cultural |9 52675 | |
| 710 | 1 | |a Barcelona (Catalunya). |b Ajuntament |9 50981 | |
| 710 | 2 | |a Institut de Cultura (Barcelona, Catalunya) |9 53422 | |
| 901 | |a Arxiu | ||
| 942 | |n 1 | ||
| 952 | |0 0 |1 0 |4 0 |6 FU402 |7 1 |9 49950 |a Arxiu |b Arxiu |d 2016-12-01 |l 0 |o FU-40-2 |p 18702 |r 2016-12-01 00:00:00 |w 2016-12-01 |y ARXIU | ||
| 999 | |c 53792 |d 53792 | ||